Sintonización de controladores PID de dos grados de libertad
Shranjeno v:
| Glavni avtor: | |
|---|---|
| Drugi avtorji: | , , , |
| Format: | Knjiga |
| Izdano: |
San José, Costa Rica
2009
|
| Teme: | |
| Oznake: |
Označite
Brez oznak, prvi označite!
|
MARC
| LEADER | 00000nam a2200000Ia 4500 | ||
|---|---|---|---|
| 003 | 001364 | ||
| 005 | 20240213113158.0 | ||
| 008 | 140114s2009 cr a 000 ||cr d | ||
| 040 | |c cru CEDI | ||
| 090 | |a TFG 5887 | ||
| 100 | |a Marín Paniagua, Leonardo José, 1982- |9 2470 | ||
| 245 | |a Sintonización de controladores PID de dos grados de libertad | ||
| 260 | |b San José, Costa Rica |c 2009 | ||
| 300 | |a xviii, 191 páginas; ilustraciones | ||
| 500 | |a Seminario de graduación (licenciatura en ingeniería eléctrica)--Universidad de Costa Rica. Facultad de Ingeniería. Escuela de Ingeniería Eléctrica | ||
| 501 | |a Director de Seminario de Graduación: Víctor M. Alfaro Ruiz, Ph.D. | ||
| 650 | |x CONTROLADORES PID |x SISTEMAS DE CONTROL DIGITAL |x CONTROL AUTOMATICO |x REGULADORES ELECTRICOS |9 3776 | ||
| 700 | |9 3773 |a Mora Sojo, Alejandro | ||
| 700 | |a Rímolo Kruse, Ignacio, 1981- |9 2471 | ||
| 700 | |9 3775 |a Villalta Maietta, Heyleen | ||
| 700 | |a Alfaro Ruiz, Víctor Manuel, 1950- |d Director del TFG |9 1169 | ||
| 942 | |c TFG |h TFG 5887 |i 001364 |6 TFG_5887_001364000000000 | ||
| 999 | |c 16348 |d 16348 | ||
